Statistics for Countries of the Soviet Union in order of area

Click here to take the quiz!

General Stats

  • This quiz has been taken 47 times
  • The average score is 14 of 15

Answer Stats

Sq milesAnswer% Correct
6.6millRussia
100%
233000Ukraine
100%
1.05millKazakhstan
98%
190000Turkmenistan
98%
171000Uzbekistan
98%
80000Belarus
96%
55000Tajikistan
96%
77000Kyrgyzstan
93%
33000Azerbaijan
91%
27000Georgia
91%
25000Lithuania
84%
25000Latvia
84%
11500Armenia
84%
175000Estonia
82%
13000Moldova
82%

Score Distribution

Percentile by Number Answered

Percent of People with Each Score

Your Score History

You have not taken this quiz